000 00598cam a22002291 4500
001 sa 64009244
003 DLC
005 20260227112100.0
008 890317s1963 io 000 0 ind
010 _asa 64009244
035 _a(OCoLC)23560774
040 _aDLC
_cMiU
_dDLC
042 _apremarc
043 _aa-io---
050 0 0 _aJQ779.A55
_bA824
100 1 _aAidit, D. N.,
_d1923-1965.
245 0 0 _aPKI dan ALRI (Seskoal)
260 _aDjakarta,
_bJajasan Pembaruan,
_c1963.
300 _a60 p.
_c14 cm.
610 2 0 _aPartai Komunis Indonesia.
610 1 0 _aIndonesia.
_bAngkatan Laut.
999 _c61327
_d61327